Metodologické nástroje finančného riadenia podnikov

Finančné riadenie vyjadruje komplexnú funkciu ekonomického riadenia, koordináciu plánovania, kontroly a informačného zabezpečenia. Nevyhnutnou podmienkou správneho finančného riadenia podniku sú spoľahlivé informácie. Informácie z finančného účtovníctvo. Podnikový informačný systém. Finančné riadeni...

Descrizione completa

Salvato in:
Dettagli Bibliografici
Autore principale: Rohlová, Klaudia
Natura: Capitolo di libro
Lingua:slovacco
Soggetti:
Tags: Aggiungi Tag
Nessun Tag, puoi essere il primo ad aggiungerne!!

MARC

LEADER 00000nla a2200000 4500
001 0151504
005 20221103131255.5
041 0 |a slo 
044 |a SK 
245 1 0 |a Metodologické nástroje finančného riadenia podnikov  |c Klaudia Jandík Rohlová 
520 |a Finančné riadenie vyjadruje komplexnú funkciu ekonomického riadenia, koordináciu plánovania, kontroly a informačného zabezpečenia. Nevyhnutnou podmienkou správneho finančného riadenia podniku sú spoľahlivé informácie. Informácie z finančného účtovníctvo. Podnikový informačný systém. Finančné riadenie a podniková diagnostika. 
610 2 0 |a podnik 
610 2 0 |a riadenie finančné 
610 2 0 |a diagnostika podniková 
100 1 |a Rohlová, Klaudia